000 01010nam0a22002771 4500
001 rc\4649651
005 20250611214117.0
021 _aRU
_b[61-73875]
035 _a(NLR Aleph) 008411906
090 _a9301881
_c9301881
100 _a20130416d1961 |||y0rusy50 ca
101 0 _arus
102 _aRU
105 _aag z |||||
200 1 _aФортепьянные концерты Рахманинова
205 _a2-е изд., перераб.
210 _aМосква
_cМузгиз
_d1961
215 _a88 с.
_cнот. ил.
_d17
225 1 _aБиблиотека слушателя концертов
_e[В помощь слушателям университетов культуры]
700 1 _aСоловцов
_bА.А.
_f1898-1965
_gАнатолий Александрович
702 1 _aРахманинов
_bС.В.
_f1873-1943
_gСергей Васильевич
_4570
801 0 _aRU
_bNLR
_gpsbo
801 1 _aRU
_bELAR
_2rusmarc
852 _aNLR
_j61-2/2936
942 _cBOOK
980 _aNB